| 000 | 01619nam a2200325 a 4500 | ||
|---|---|---|---|
| 001 | BRCA_5154 | ||
| 005 | 20190320204949.0 | ||
| 008 | 221110s1827----mx-######v---#000-0#spa-# | ||
| 041 | _aspa | ||
| 044 | _amx | ||
| 084 |
_aDOC139 _b.B35 _c1827 |
||
| 100 | 1 |
_aBallesteros, José María _913181 |
|
| 245 | 1 | 0 |
_aDocumento firmado por Don José María Ballesteros _cJosé María Ballesteros ; José Mariano Dávila ; Domingo Espinoza. |
| 260 |
_aMéxico _c1827 |
||
| 300 |
_a[7] fojas _c32 x 22 cm. |
||
| 500 | _aDocumento firmado el 12 de junio de 1827. | ||
| 500 | _aDocumento en el cuál Don Domingo Espinoza, preso sentenciado de la cárcel nacional, pide a las autoridades competentes licencia y permiso a fin de poderse curar de sus padecimientos. Acompañan a la petición 3 certificados médicos para justificar su enfermedad. | ||
| 500 | _aContiene sello con escudo nacional mexicano y el lema: ´SELLO CUARTO. UNA CUARTILLA. PARA LOS AÑOS DE MIL OCHOCIENTOS VEINTE Y SEIS Y OCHOCIENTOS VEINTE Y SIETE´. | ||
| 500 | _aEl documento contiene la leyenda DOC. #307. | ||
| 500 | _aPapel con marca de agua. | ||
| 506 | 0 | _aFondo Reservado. Para su consulta es necesario credencial de usuario y carta de motivos. | |
| 546 | _aTexto en: español de principios del siglo XIX. | ||
| 600 | 1 | 4 |
_aBallesteros, José María _xHistoria _913182 |
| 650 | 1 | 4 |
_aDocumentos legales _vManuscritos _xHistoria _912814 |
| 651 | 4 |
_aMéxico _xHistoria _yPrimeros gobiernos independientes, 1821-1824 _913183 |
|
| 700 | 1 |
_aEspinoza, Domingo _913184 |
|
| 700 | 1 |
_aDávila, José Mariano _913185 |
|
| 902 | _aFDH | ||
| 942 |
_2lcc _cD |
||
| 999 |
_c4848 _d4848 |
||